[Event "Kieler Open 2019-A"]
[Site "Kiel"]
[Date "2019.07.28"]
[Round "3.15"]
[White "Mieck, Jale"]
[Black "Lebeda, Timo"]
[Result "1/2-1/2"]
[WhiteElo "1964"]
[BlackElo "2107"]
[Annotator "PH"]
[PlyCount "88"]
[EventDate "2019.??.??"]

1. e4 c5 2. Nf3 d6 3. d4 cxd4 4. Nxd4 Nf6 5. Nc3 a6 6. Bg5 e6 7. f4 Be7 8. Qf3
Qc7 9. O-O-O Nbd7 10. g4 Rb8 11. Bxf6 Bxf6 12. g5 Be7 13. f5 Ne5 14. Qh5 Qd8
15. Rg1 h6 16. Nxe6 Bxe6 17. fxe6 Bxg5+ 18. Kb1 g6 19. exf7+ Kxf7 20. Qe2 Rf8
21. Bh3 Kg7 22. Nd5 Qa5 23. Rg3 Rbe8 24. Rb3 Rf7 25. Nb6 Qc5 26. Na4 Qc6 27.
Nc3 Nc4 28. a3 b5 29. Qd3 Rf2 30. Qd4+ Rf6 31. Nd5 Re5 32. Nxf6 Bxf6 33. Bg2
Qe8 34. a4 Rc5 35. Qf2 Qe5 36. c3 Qxh2 37. axb5 axb5 38. Rd5 Bh4 39. Qe2 Qg1+
40. Ka2 Rxd5 41. exd5 Qa7+ 42. Kb1 Qg1+ 43. Ka2 Qa7+ 44. Kb1 Qg1+ 1/2-1/2

[Event "Kieler Open 2019-A"]
[Site "Kiel"]
[Date "2019.07.28"]
[Round "3.16"]
[White "Arndt, Magnus"]
[Black "Günther, Emil"]
[Result "1-0"]
[WhiteElo "2313"]
[BlackElo "1743"]
[Annotator "PH"]
[PlyCount "75"]
[EventDate "2019.??.??"]

1. e4 c5 2. Nf3 Nc6 3. c3 e5 4. Bc4 g6 5. O-O Bg7 6. d3 Nge7 7. Na3 O-O 8. Nc2
d5 9. exd5 Nxd5 10. Bg5 Qd7 11. Nd2 h6 12. Qf3 hxg5 13. Qxd5 Qxd5 14. Bxd5 Ne7
15. Bc4 b6 16. Ne4 g4 17. Ne3 Kh8 18. Rae1 f5 19. Nd6 Bd7 20. f3 Nc8 21. Nf7+
Kh7 22. Ng5+ Kh6 23. Ne6 Bxe6 24. Bxe6 gxf3 25. Rxf3 Bf6 26. Nd5 Kg7 27. Nc7
Rb8 28. Bd5 Nd6 29. Ne6+ Kf7 30. Nxf8+ Kxf8 31. a4 f4 32. g3 g5 33. gxf4 gxf4
34. Rh3 Kg7 35. Kf2 Nf7 36. Rg1+ Ng5 37. Rh5 Kg6 38. Rhxg5+ 1-0

[Event "Kieler Open 2019-A"]
[Site "Kiel"]
[Date "2019.07.28"]
[Round "3.17"]
[White "Schulze, Lara"]
[Black "Wendler, Werner"]
[Result "1-0"]
[WhiteElo "2253"]
[BlackElo "1954"]
[Annotator "PH"]
[PlyCount "75"]
[EventDate "2019.??.??"]

1. e4 e6 2. d4 d5 3. Nd2 c5 4. exd5 exd5 5. Ngf3 Nf6 6. Bb5+ Bd7 7. Bxd7+ Nbxd7
8. O-O Be7 9. dxc5 Nxc5 10. Re1 O-O 11. Nf1 Nce4 12. Be3 Rc8 13. c3 Bc5 14.
Bxc5 Rxc5 15. Qb3 b5 16. Rad1 Qb6 17. Ne3 Rc7 18. Nd4 a6 19. Nxd5 Nxd5 20. Qxd5
Nf6 21. Qf3 b4 22. cxb4 Qxb4 23. Nf5 Rc4 24. Qg3 g6 25. Qe5 gxf5 26. Qxf6 Re4
27. Rxe4 fxe4 28. h4 Qc5 29. Qf4 Re8 30. Rd7 Qh5 31. Rd6 f5 32. Rxa6 e3 33.
fxe3 Qd1+ 34. Kh2 Qd3 35. Qg5+ Kh8 36. Qf6+ Kg8 37. Ra7 Qxe3 38. Qg7# 1-0

[Event "Kieler Open 2019-A"]
[Site "Kiel"]
[Date "2019.07.28"]
[Round "3.18"]
[White "Kaulich, Philipp Theodor"]
[Black "Röhr, Oliver"]
[Result "1-0"]
[WhiteElo "2177"]
[BlackElo "1948"]
[Annotator "PH"]
[PlyCount "79"]
[EventDate "2019.??.??"]

1. e4 e5 2. f4 exf4 3. Nf3 g5 4. Bc4 Bg7 5. O-O d6 6. d4 h6 7. c3 Nc6 8. h4 Qe7
9. a4 Bg4 10. a5 a6 11. Qd3 Bxf3 12. Rxf3 Nf6 13. Nd2 Nh5 14. Nf1 g4 15. Rxf4
Nxf4 16. Bxf4 Qxh4 17. Ng3 Ne7 18. Rf1 O-O 19. Ba2 Rad8 20. Bb1 Be5 21. Qe2
Bxf4 22. Rxf4 h5 23. Qf2 Qg5 24. Ba2 h4 25. Nf1 d5 26. Ne3 g3 27. Qf3 Ng6 28.
Rg4 dxe4 29. Qxe4 Rde8 30. Qxe8 Rxe8 31. Rxg5 Rxe3 32. Rxg6+ Kf8 33. Rf6 Re2
34. Bc4 Rxb2 35. Rxf7+ Ke8 36. Rxc7 Kd8 37. Rc5 b5 38. axb6 Rxb6 39. Bf1 Rb1
40. Ra5 1-0

[Event "Kieler Open 2019-A"]
[Site "Kiel"]
[Date "2019.07.28"]
[Round "3.19"]
[White "Boyens, Birger"]
[Black "Friedel, Marcus"]
[Result "1-0"]
[WhiteElo "1918"]
[BlackElo "2162"]
[Annotator "PH"]
[PlyCount "61"]
[EventDate "2019.??.??"]

1. e4 d6 2. d4 Nf6 3. Nc3 e5 4. Nge2 exd4 5. Nxd4 Be7 6. Bc4 O-O 7. Bb3 Re8 8.
O-O c6 9. f3 b5 10. Be3 Bf8 11. Qe1 b4 12. Nd1 d5 13. Qh4 dxe4 14. fxe4 Rxe4
15. Bxf7+ Kh8 16. Rf4 Rxf4 17. Qxf4 Bd6 18. Qh4 Qc7 19. Be6 Bxe6 20. Nxe6 Qe7
21. Qc4 Nd5 22. Ng5 h6 23. Ne4 Nd7 24. Qxc6 Qxe4 25. Qxa8+ Kh7 26. Nf2 Qe5 27.
Ng4 Qe4 28. Rd1 N7b6 29. Bxb6 axb6 30. Qxd5 Bc5+ 31. Nf2 1-0

[Event "Kieler Open 2019-A"]
[Site "Kiel"]
[Date "2019.07.28"]
[Round "3.20"]
[White "Schramm, Daniel"]
[Black "Wanner, Lukas"]
[Result "1/2-1/2"]
[WhiteElo "1837"]
[BlackElo "2085"]
[Annotator "PH"]
[PlyCount "112"]
[EventDate "2019.??.??"]

1. c4 c5 2. Nc3 g6 3. g3 Bg7 4. Bg2 Nc6 5. Rb1 e6 6. a3 Nge7 7. b4 d6 8. Qb3
O-O 9. e3 b6 10. Nge2 Bb7 11. O-O Qd7 12. Bb2 Rad8 13. Ne4 e5 14. N4c3 h5 15.
h4 f5 16. d3 Kh7 17. Rbd1 f4 18. Kh2 Bc8 19. Ng1 Nf5 20. Bh3 fxe3 21. fxe3 Qe8
22. Nd5 Bh6 23. Rde1 Bd7 24. Qd1 Rf7 25. e4 Nfd4 26. b5 Bxh3 27. Nxh3 Ne7 28.
Nf6+ Rxf6 29. Rxf6 Ng8 30. Rf2 Kg7 31. Bc1 Bxc1 32. Qxc1 Nf6 33. Rxf6 Kxf6 34.
Rf1+ Kg7 35. Qg5 Rd7 36. Kg2 Rf7 37. Rxf7+ Qxf7 38. Qe3 Nc2 39. Qc1 Nd4 40. Ng5
{=} 40... Qf6 41. Qd1 Qe7 42. a4 Qf6 43. Kg1 Qf8 44. Kg2 Qc8 45. Qf1 Qd7 46.
Kg1 Nc2 47. Qf2 Nb4 48. Qd2 Qe7 49. Kg2 Qf6 50. Kg1 Qe7 51. Kg2 Qd7 52. Qd1 Qg4
53. Qf1 Qd7 54. Qd1 Na2 55. Qd2 Nb4 56. Qd1 Qe7 1/2-1/2

[Event "Kieler Open 2019-A"]
[Site "Kiel"]
[Date "2019.07.28"]
[Round "3.21"]
[White "Besenthal, Klaus-Günther"]
[Black "Lawrenz, Sebastian"]
[Result "1/2-1/2"]
[WhiteElo "2070"]
[BlackElo "1924"]
[Annotator "PH"]
[PlyCount "72"]
[EventDate "2019.??.??"]

1. d4 Nf6 2. Bf4 e6 3. e3 b6 4. Nf3 Bb7 5. Nbd2 Be7 6. h3 O-O 7. Bd3 d5 8. c3
Ne4 9. Qc2 f5 10. Ne5 Nd7 11. O-O Nxe5 12. Bxe5 c5 13. f3 Nxd2 14. Qxd2 Bd6 15.
f4 Qd7 16. Qe2 Bxe5 {=} 17. fxe5 Kh8 18. Rf2 Qe7 19. Qh5 Bc6 20. Raf1 g6 21.
Qh6 Qg7 22. Qg5 Rae8 23. h4 Qe7 24. Qxe7 Rxe7 25. g4 Rg7 26. Rg2 Rgf7 27. gxf5
gxf5 28. Rff2 Rg8 29. Rxg8+ Kxg8 30. Rg2+ Rg7 31. Rxg7+ Kxg7 32. Kg2 c4 {=} 33.
Be2 h6 34. Kf2 Kf7 35. Ke1 Ke7 36. Kd2 Be8 1/2-1/2

[Event "Kieler Open 2019-A"]
[Site "Kiel"]
[Date "2019.07.28"]
[Round "3.22"]
[White "Marcussen, Claus"]
[Black "Dittmann, Hans-Adolf"]
[Result "0-1"]
[WhiteElo "1712"]
[BlackElo "2068"]
[Annotator "PH"]
[PlyCount "86"]
[EventDate "2019.??.??"]

1. f4 d5 2. Nf3 g6 3. e3 Bg7 4. d4 Nh6 5. Bd3 Nf5 6. c4 dxc4 7. Bxc4 Nd6 8. Bd3
Bf5 9. Nc3 Bxd3 10. Qxd3 Nc6 11. a3 Na5 12. b4 Nb3 13. Rb1 Nxc1 14. Rxc1 c6 15.
O-O O-O 16. Ne4 a5 17. Nxd6 Qxd6 18. b5 cxb5 19. Qxb5 Qxa3 20. Rfe1 Rfc8 21.
Ra1 Qb4 22. Qxb4 axb4 23. Rxa8 Rxa8 24. Rb1 Ra4 25. Kf2 e6 26. Ne1 Bf8 27. Nd3
b6 28. Ne5 b5 29. Nd3 f6 30. Kf3 Kf7 31. g4 Bd6 32. h4 h5 33. Nf2 Ra3 34. gxh5
gxh5 35. Ne4 Be7 36. Nc5 Bxc5 37. dxc5 Rc3 38. Rxb4 Rxc5 39. e4 Ke7 40. Rd4
Rc3+ 41. Ke2 Rc4 42. Kd3 Rxd4+ 43. Kxd4 Kd6 0-1

[Event "Kieler Open 2019-A"]
[Site "Kiel"]
[Date "2019.07.28"]
[Round "3.23"]
[White "Röhr, Susanne"]
[Black "Köllner, Aaron Noah"]
[Result "0-1"]
[WhiteElo "1677"]
[BlackElo "2044"]
[Annotator "PH"]
[PlyCount "66"]
[EventDate "2019.??.??"]

1. d4 d5 2. Nf3 Nf6 3. c4 c6 4. Nc3 dxc4 5. e4 b5 6. a3 a6 7. Be2 Bb7 8. O-O
Nbd7 9. e5 Nd5 10. Nxd5 cxd5 11. e6 fxe6 12. Ng5 Nf6 13. Nxe6 Qb6 14. Nc5 Bc8
15. Bg5 Bf5 16. Re1 Kf7 17. Bf3 Rd8 18. g4 Bc8 19. Be3 e6 20. g5 Ne8 21. Bg4
Nd6 22. Bd2 Nf5 23. Be3 g6 24. b4 h6 25. Qf3 Bg7 26. Rad1 Kg8 27. Bxf5 exf5 28.
Bf4 hxg5 29. Bxg5 Bf6 30. Bf4 Kf7 31. Qg3 Qc6 32. Re2 Rh4 33. Bg5 Rg4 0-1

[Event "Kieler Open 2019-A"]
[Site "Kiel"]
[Date "2019.07.28"]
[Round "3.24"]
[White "Barten, Ralf"]
[Black "Gombert, Reiner"]
[Result "0-1"]
[WhiteElo "2035"]
[BlackElo "1918"]
[Annotator "PH"]
[PlyCount "66"]
[EventDate "2019.??.??"]

1. c4 Nf6 2. g3 c6 3. Bg2 d5 4. b3 g6 5. Bb2 Bg7 6. e3 O-O 7. Ne2 Bf5 8. d4 Na6
9. a3 Qd7 10. Nbc3 Bh3 11. Bxh3 Qxh3 12. Nf4 Qd7 13. O-O Nc7 14. Qf3 Ne6 15.
cxd5 Nxf4 16. dxc6 Nh3+ 17. Kg2 bxc6 18. Ne4 Nxe4 19. Qxe4 Ng5 20. Qh4 Ne6 21.
Rfd1 Rfe8 22. Rac1 Qd5+ 23. e4 Qxb3 24. Rd2 Rac8 25. Rc3 Qb7 26. Rf3 Bf6 27.
Rxf6 exf6 28. d5 Ng5 29. Bxf6 Nxe4 30. Rb2 Qd7 31. Bd4 c5 32. Be3 Qxd5 33. Qh6
Ng5+ 0-1

[Event "Kieler Open 2019-A"]
[Site "Kiel"]
[Date "2019.07.28"]
[Round "3.25"]
[White "Pick, Stefan"]
[Black "Schmidt, Peter"]
[Result "1-0"]
[WhiteElo "2019"]
[BlackElo "1881"]
[Annotator "PH"]
[PlyCount "69"]
[EventDate "2019.??.??"]

1. e4 e5 2. Nf3 Nc6 3. Bc4 Nf6 4. d3 Bc5 5. Bg5 d6 6. h3 Na5 7. Nbd2 Nxc4 8.
Nxc4 Be6 9. Ne3 h6 10. Bh4 g5 11. Nxg5 hxg5 12. Bxg5 Rg8 13. h4 Kd7 14. Qf3 Rg6
15. Nf5 Qh8 16. g4 Nxg4 17. Qxg4 f6 18. O-O-O fxg5 19. hxg5 Qg8 20. Rh5 Bxf2
21. Qh3 Rf8 22. Rf1 Bc5 23. Rh7+ Kd8 24. Qh4 Bxf5 25. Rxf5 Be3+ 26. Kd1 Bxg5
27. Qh5 Bf6 28. Kd2 Rg2+ 29. Kc3 Bg7 30. Qh4+ Ke8 31. Qh5+ Kd7 32. Rxf8 Qxf8
33. Qh3+ Kc6 34. Qxg2 Bf6 35. Qg6 1-0

[Event "Kieler Open 2019-A"]
[Site "Kiel"]
[Date "2019.07.28"]
[Round "3.26"]
[White "Meyer, Henrik"]
[Black "Kollhoff, Josef"]
[Result "1/2-1/2"]
[WhiteElo "2007"]
[BlackElo "1833"]
[Annotator "PH"]
[PlyCount "197"]
[EventDate "2019.??.??"]

1. e4 c6 2. Ne2 d5 3. e5 Bf5 4. Ng3 Bg6 5. h4 h5 6. Be2 e6 7. d4 c5 8. c4 cxd4
9. cxd5 Qxd5 10. O-O Nc6 11. Bf4 Nge7 12. Bf3 Qb5 13. Na3 Qa6 14. Rc1 Bd3 15.
Re1 Ng6 16. Bxc6+ bxc6 17. Qf3 Nxh4 18. Qxc6+ Qxc6 19. Rxc6 Bxa3 20. bxa3 Ng6
21. Rec1 O-O 22. Nxh5 Nxf4 23. Nxf4 Bb5 24. R6c5 Rab8 25. a4 Ba6 26. Rc6 Bb7
27. Rd6 Rfd8 28. Rb1 Bd5 29. Rxb8 Rxb8 30. Nxd5 exd5 31. Rxd5 Rb4 32. Rd8+ Kh7
33. Rd7 d3 34. Rxd3 Rxa4 35. a3 Kg6 36. Re3 Kf5 37. g3 g5 38. Kg2 Re4 39. Rf3+
Kxe5 40. Rxf7 Ra4 41. Re7+ Kf6 42. Re3 Kf5 43. f3 Rc4 44. Rb3 Ra4 45. Kf2 Ra5
46. Ke3 Ke5 47. Kd3 Rc5 48. Rb4 Rd5+ 49. Ke3 Rc5 50. Ra4 Rc7 51. Ra5+ Kf6 52.
Kd4 Rd7+ 53. Rd5 Re7 54. a4 Rb7 55. Ra5 Rd7+ 56. Ke3 Rc7 57. Rd5 Rc3+ 58. Ke4
Rc4+ 59. Rd4 Rc6 60. f4 gxf4 61. Kxf4 Rb6 62. g4 Rc6 63. a5 Re6 64. Rd5 Rc6 65.
Rf5+ Kg6 66. Ke5 Rc1 67. Kd6 Rc4 68. Rc5 Rxg4 69. Kc6 Kf6 70. Rb5 Ke6 71. Rb7
Rc4+ 72. Kb5 Rc1 73. Rxa7 Kd6 74. Rb7 Rb1+ 75. Ka6 Ra1 76. Kb6 Rb1+ 77. Ka7 Ra1
78. a6 Kc6 79. Rb2 Kc7 80. Rc2+ Kd7 81. Kb7 Rb1+ 82. Ka8 Rb6 83. Ka7 Rb1 84.
Rh2 Kc7 85. Rh7+ Kc8 86. Rb7 Ra1 {=} 87. Rb6 Kc7 88. Rg6 Rb1 89. Rg5 Rb2 90.
Rc5+ Kd7 91. Ka8 Rb6 92. a7 Rb1 93. Rh5 Kc7 94. Rh7+ Kc8 95. Rh8+ Kc7 96. Rb8
Ra1 97. Rb7+ Kc8 98. Rb4 Rc1 99. Rb5 1/2-1/2

[Event "Kieler Open 2019-A"]
[Site "Kiel"]
[Date "2019.07.28"]
[Round "3.27"]
[White "Grimm, Ling Leander"]
[Black "Bernhardt, Gerd"]
[Result "1-0"]
[WhiteElo "1691"]
[BlackElo "2005"]
[Annotator "PH"]
[PlyCount "43"]
[EventDate "2019.??.??"]

1. e4 c5 2. d4 cxd4 3. c3 d5 4. exd5 Qxd5 5. cxd4 Nc6 6. Nf3 Bg4 7. Nc3 Bxf3 8.
gxf3 Qxd4 9. Qxd4 Nxd4 10. Nb5 Nc2+ 11. Kd1 Nxa1 12. Nc7+ Kd8 13. Nxa8 Kc8 14.
Bf4 g5 15. Bh3+ e6 16. Be5 f6 17. Bxe6+ Kd8 18. Bc7+ Ke7 19. Re1 Nh6 20. Bc4+
Kd7 21. Bb5+ Kc8 22. Re8# 1-0

[Event "Kieler Open 2019-A"]
[Site "Kiel"]
[Date "2019.07.28"]
[Round "3.28"]
[White "Großelohmann, Gerhard"]
[Black "Rosenburg, Thies"]
[Result "1/2-1/2"]
[WhiteElo "1999"]
[BlackElo "1778"]
[Annotator "PH"]
[PlyCount "40"]
[EventDate "2019.??.??"]

1. d4 Nf6 2. c4 e6 3. g3 Be7 4. Bg2 d5 5. Nf3 O-O 6. O-O dxc4 7. Qc2 a6 8. a4
Bd7 9. Ne5 Nc6 10. Nxd7 Qxd7 11. e3 Nb4 12. Qxc4 b5 13. Qe2 Rab8 14. axb5 axb5
15. Rd1 Nfd5 16. e4 Nb6 17. Nc3 c6 18. b3 Ra8 19. Be3 Rxa1 20. Rxa1 Ra8 1/2-1/2

[Event "Kieler Open 2019-A"]
[Site "Kiel"]
[Date "2019.07.28"]
[Round "3.29"]
[White "Jurkic, Bosiljko"]
[Black "Priemer, Siegfried"]
[Result "1/2-1/2"]
[WhiteElo "2046"]
[BlackElo "1833"]
[Annotator "PH"]
[PlyCount "93"]
[EventDate "2019.??.??"]

1. e4 d6 2. d4 Nf6 3. Nc3 e5 4. Nf3 exd4 5. Nxd4 a6 6. Bg5 Be7 7. Qd2 h6 8. Bf4
O-O 9. Be2 Bd7 10. f3 Nc6 11. g4 Nxd4 12. Qxd4 Nh7 13. Nd5 Bh4+ 14. Bg3 Be6 15.
O-O-O Bxd5 16. Qxd5 Bxg3 17. hxg3 Qg5+ 18. Qxg5 Nxg5 {=} 19. Rd4 Rfe8 20. a4
Re7 21. a5 Rae8 22. Rhd1 Ne6 23. Rb4 Nd8 24. Bc4 Re5 25. Ra4 h5 26. gxh5 Rxh5
27. g4 Rh3 28. Ra3 Nc6 29. Bd5 Re7 30. Bxc6 bxc6 31. b4 Rxe4 32. Rb3 {=} 32...
Rf4 33. Rdd3 Kf8 34. Rdc3 Ke7 35. Rxc6 Kd7 36. Rbc3 Rxb4 37. Rxc7+ Ke6 38. Re3+
Kf6 {=} 39. Ree7 g5 40. Rxf7+ Kg6 41. Rg7+ Kf6 42. Rcf7+ Ke6 43. Rf5 Rf4 44.
Rgf7 Rhxf3 45. R7f6+ Ke7 46. Rf7+ Ke6 47. R7f6+ 1/2-1/2

[Event "Kieler Open 2019-A"]
[Site "Kiel"]
[Date "2019.07.28"]
[Round "3.30"]
[White "Rouditser, Benjamin"]
[Black "Quiring, Nikolai"]
[Result "1-0"]
[WhiteElo "1815"]
[BlackElo "2018"]
[Annotator "PH"]
[PlyCount "35"]
[EventDate "2019.??.??"]

1. d4 e6 2. c4 b6 3. e4 Bb7 4. Bd3 f5 5. exf5 Bxg2 6. Qh5+ g6 7. fxg6 Bg7 8.
gxh7+ Kf8 9. Bg5 Nf6 10. Qh4 Bxh1 11. Ne2 Qe7 12. Nf4 Qb4+ 13. Nd2 Kf7 14.
O-O-O Bb7 15. Bg6+ Ke7 16. Nh5 Rf8 17. Nxg7 Na6 18. Nh5 1-0

[Event "Kieler Open 2019-A"]
[Site "Kiel"]
[Date "2019.07.28"]
[Round "3.31"]
[White "Srimathi Raajesh"]
[Black "Glinzner, Alva"]
[Result "1/2-1/2"]
[WhiteElo "1832"]
[BlackElo "1941"]
[Annotator "PH"]
[PlyCount "69"]
[EventDate "2019.??.??"]

1. e4 g6 2. d4 Bg7 3. Nc3 c6 4. f4 d5 5. e5 Nh6 6. Nf3 Bg4 7. Be2 Nf5 8. O-O
O-O 9. h3 Bxf3 10. Bxf3 Ng3 11. Re1 f5 12. Ne2 Ne4 13. c3 e6 14. Be3 Nd7 15.
Qb3 Nb6 16. Bxe4 fxe4 17. Qc2 Nc4 18. Bc1 Rc8 19. b3 Nb6 20. Kh2 Bh6 21. Rf1
Rf7 22. Be3 Qf8 23. Qc1 Nd7 24. Qe1 Bg7 25. Rc1 {=} 25... Qa3 26. Rc2 b5 27.
Qc1 Qa6 28. Re1 Nb6 29. Rf1 Bf8 30. Qd2 Qb7 31. Rb1 Qd7 32. Ng3 Be7 33. Qe2
Rcf8 34. Nf1 Kh8 35. Nd2 1/2-1/2

[Event "Kieler Open 2019-A"]
[Site "Kiel"]
[Date "2019.07.28"]
[Round "3.32"]
[White "Rosenburg, Hauke"]
[Black "Omert, Oliver"]
[Result "1-0"]
[WhiteElo "1925"]
[BlackElo "1815"]
[Annotator "PH"]
[PlyCount "59"]
[EventDate "2019.??.??"]

1. c4 e5 2. Nc3 Nc6 3. g3 f5 4. Bg2 Nf6 5. e3 d5 6. cxd5 Nb4 7. d3 Nfxd5 8.
Nxd5 Nxd5 9. a3 Be7 10. e4 Nf6 11. exf5 O-O 12. Qb3+ Kh8 13. Be4 c6 14. Ne2 Nd7
15. Be3 Nc5 16. Qc2 Qd6 17. b4 Na6 18. d4 Bf6 19. Rd1 exd4 20. Nxd4 Qe7 21. O-O
Re8 22. Bg2 Qf7 23. b5 Bxd4 24. Rxd4 Bxf5 25. Rf4 Bxc2 26. Rxf7 Bd3 27. bxa6
Bc4 28. axb7 Rab8 29. Rc7 Bxf1 30. Kxf1 1-0

[Event "Kieler Open 2019-A"]
[Site "Kiel"]
[Date "2019.07.28"]
[Round "3.33"]
[White "Hoppe, Marc"]
[Black "Dannehr, Jürgen"]
[Result "0-1"]
[WhiteElo "1644"]
[BlackElo "1909"]
[Annotator "PH"]
[PlyCount "82"]
[EventDate "2019.??.??"]

1. c4 Nf6 2. g3 g6 3. Bg2 Bg7 4. d4 O-O 5. Nc3 c6 6. e4 d6 7. Nf3 Nbd7 8. O-O
e5 9. dxe5 dxe5 10. b4 Qe7 11. Rb1 Rd8 12. Qe2 Nf8 13. Be3 Bg4 14. h3 Bxf3 15.
Bxf3 Ne6 16. Rfd1 Nd4 17. Bxd4 exd4 18. Na4 Nd7 19. Bg2 Ne5 20. f4 d3 21. Qf1
Nxc4 22. Rxd3 Nd2 23. Rxd2 Rxd2 24. a3 b5 25. Nc5 Bd4+ 26. Kh1 Bxc5 27. bxc5
Qxc5 28. e5 Qxa3 29. Qe1 Rad8 30. Bxc6 Qc5 31. Rc1 Qxc1 32. Qxc1 Rd1+ 33. Qxd1
Rxd1+ 34. Kg2 b4 35. Ba4 Ra1 36. Bb3 Ra3 37. Bc4 Rc3 38. Bd5 b3 39. e6 fxe6 40.
Bxe6+ Kg7 41. f5 b2 0-1

[Event "Kieler Open 2019-A"]
[Site "Kiel"]
[Date "2019.07.28"]
[Round "3.34"]
[White "Karlisch, Moritz"]
[Black "Ortner, Jonas Ruben"]
[Result "1-0"]
[WhiteElo "1894"]
[BlackElo "1740"]
[Annotator "PH"]
[PlyCount "53"]
[EventDate "2019.??.??"]

1. d4 Nf6 2. c4 e5 3. dxe5 Ng4 4. Nf3 Bc5 5. e3 Nc6 6. Nc3 O-O 7. Be2 Ngxe5 8.
O-O Nxf3+ 9. Bxf3 Ne5 10. Be2 a5 11. Na4 Ba7 12. b3 Qe7 13. Bb2 Re8 14. Qd2 Bb8
15. c5 Qe6 16. Rfe1 Qg6 17. f4 Ng4 18. Bf3 f5 19. e4 d6 20. exf5 Bxf5 21. Rxe8+
Qxe8 22. Re1 Qb5 23. Qd5+ Kh8 24. Qxf5 Nh6 25. Qf8+ Ng8 26. Bd5 Ba7 27. Bxg7#
1-0

[Event "Kieler Open 2019-A"]
[Site "Kiel"]
[Date "2019.07.28"]
[Round "3.35"]
[White "Papesch, Dennis"]
[Black "Stegert, Jonas"]
[Result "1/2-1/2"]
[WhiteElo "1880"]
[BlackElo "1495"]
[Annotator "PH"]
[PlyCount "81"]
[EventDate "2019.??.??"]

1. c4 Nf6 2. g3 g6 3. Bg2 Bg7 4. Nc3 O-O 5. e4 c5 6. Nge2 Nc6 7. O-O d6 8. d3
Bd7 9. h3 a6 10. f4 Rb8 11. Be3 b5 12. Qd2 b4 13. Nd1 a5 14. g4 h5 15. g5 Ne8
16. Ng3 Nd4 {=} 17. Bxd4 Bxd4+ 18. Ne3 e5 19. h4 exf4 20. Rxf4 Be5 21. Nd5 Bxf4
22. Qxf4 Be6 23. Nf6+ Nxf6 24. gxf6 Bg4 25. Bf3 Bxf3 26. Qxf3 Re8 27. Nxh5 Re6
28. Rf1 Rb6 29. Qf4 Kf8 30. Qh6+ Ke8 31. Ng7+ Kd7 32. Nxe6 Kxe6 {=} 33. Qg5 Kd7
34. Qd5 Qe8 35. Rf2 Qe6 36. Qxe6+ Kxe6 37. Kg2 Rb8 38. Kg3 Ke5 39. Kg4 Rh8 40.
Rf3 a4 41. Kg3 1/2-1/2

[Event "Kieler Open 2019-A"]
[Site "Kiel"]
[Date "2019.07.28"]
[Round "3.36"]
[White "Mohamed, Galal"]
[Black "Freiknecht, Axel"]
[Result "1-0"]
[WhiteElo "1833"]
[BlackElo "1733"]
[Annotator "PH"]
[PlyCount "93"]
[EventDate "2019.??.??"]

1. d4 Nf6 2. Nf3 e6 3. Bf4 b6 4. e3 Bb7 5. Bd3 h6 6. Nbd2 Nh5 7. Bg3 Nxg3 8.
hxg3 c5 9. c3 Be7 10. Rc1 d6 11. e4 Nd7 12. Qe2 Rc8 13. O-O O-O 14. Ba6 Bxa6
15. Qxa6 Qc7 16. a4 Nb8 17. Qe2 Qb7 18. Rfe1 Nd7 19. b4 cxb4 20. cxb4 Rxc1 21.
Rxc1 Rc8 22. Rc4 Rxc4 23. Qxc4 Nf6 24. Qc2 d5 25. e5 Ne8 26. b5 Qd7 27. Ne1 f5
28. Nd3 Nc7 29. Qb3 Kf7 30. Nf3 a5 31. bxa6 Nxa6 32. Qxb6 Qxa4 33. Nf4 Qd7 34.
Qxa6 g5 35. Nd3 Qc7 36. Qa1 Qc4 37. Nfe1 h5 38. Qd1 g4 39. Nf4 h4 40. gxh4 Bxh4
41. g3 Bg5 42. Neg2 Qc3 43. Qd3 Qc6 44. Qa3 Be7 45. Qa7 Qc1+ 46. Kh2 Qc6 47.
Ng6 1-0

[Event "Kieler Open 2019-A"]
[Site "Kiel"]
[Date "2019.07.28"]
[Round "3.37"]
[White "Tran, Minh Dat"]
[Black "Schützhold, Frank"]
[Result "1/2-1/2"]
[WhiteElo "1559"]
[BlackElo "1860"]
[Annotator "PH"]
[PlyCount "82"]
[EventDate "2019.??.??"]

1. c4 e6 2. Nc3 Bb4 3. g3 Ne7 4. Bg2 Nbc6 5. e4 Bxc3 6. dxc3 b6 7. Bg5 h6 8.
Bxe7 Qxe7 9. Nf3 Bb7 10. O-O Rd8 11. Re1 O-O 12. Qc2 Na5 13. b3 c5 14. Rad1 d6
15. e5 Bxf3 16. Bxf3 dxe5 17. Rxe5 Rxd1+ 18. Qxd1 Rd8 19. Qb1 Rd2 20. Re1 Qf6
21. Re3 Nc6 22. Qe1 Rd6 23. Bxc6 Rxc6 24. Qd2 Qe7 25. Rd3 Rc7 26. Rd8+ Kh7 27.
Qd3+ g6 28. Kg2 Kg7 29. f4 Rb7 30. Qd6 Qxd6 31. Rxd6 Kf6 32. Kf3 Ke7 {=} 33.
Rd3 Rd7 34. Rxd7+ Kxd7 35. Ke4 Kd6 36. b4 f5+ 37. Kd3 e5 38. Ke3 e4 39. b5 Ke6
40. h4 Kf6 41. a4 g5 1/2-1/2

[Event "Kieler Open 2019-A"]
[Site "Kiel"]
[Date "2019.07.28"]
[Round "3.38"]
[White "Buchholz, Ralf"]
[Black "Gehlsen, René"]
[Result "1/2-1/2"]
[WhiteElo "1909"]
[BlackElo "1715"]
[Annotator "PH"]
[PlyCount "112"]
[EventDate "2019.??.??"]

1. e4 g6 2. d4 Bg7 3. Nf3 c6 4. c3 d5 5. e5 Nh6 6. Bd3 O-O 7. O-O f6 8. Qe2 Bg4
9. Nbd2 fxe5 10. dxe5 e6 11. h3 Bf5 12. Bxf5 Nxf5 13. Nb3 h6 14. Nc5 Qe7 15.
Nd3 Nd7 16. Bd2 c5 17. Rae1 Qf7 18. b4 cxb4 19. cxb4 Nb6 20. g4 Ne7 21. Nd4 Nc6
22. Nxc6 bxc6 23. f4 Nc4 24. Bc3 Qe7 25. Bd4 Rf7 26. Kg2 a5 27. Bc5 Qe8 28. Rb1
axb4 29. Rxb4 Bf8 30. Rfb1 Bxc5 31. Nxc5 Rxf4 32. Rb7 Rf7 33. a4 Rxb7 34. Rxb7
Rb8 35. Rxb8 Qxb8 36. Nxe6 Qxe5 37. Qxe5 Nxe5 38. a5 c5 39. Nxc5 Nc6 40. a6 Kf7
41. Kf3 Ke7 42. Kf4 Kd6 43. Nd3 Ke6 44. h4 Kf6 45. Nb4 g5+ 46. hxg5+ hxg5+ 47.
Kg3 Na7 48. Nxd5+ Ke5 49. Ne3 Kd4 50. Nd1 Ke4 51. Nf2+ Kd5 52. Nh3 Kc6 53. Nxg5
Kb6 54. Ne6 Kxa6 55. g5 Nc8 56. g6 Ne7 1/2-1/2

[Event "Kieler Open 2019-A"]
[Site "Kiel"]
[Date "2019.07.28"]
[Round "3.39"]
[White "Wenske, Hardy"]
[Black "Bräutigam, Katerina"]
[Result "0-1"]
[WhiteElo "1749"]
[BlackElo "1837"]
[Annotator "PH"]
[PlyCount "138"]
[EventDate "2019.??.??"]

1. Nf3 Nf6 2. d4 d5 3. e3 c6 4. Bd3 Bg4 5. Nbd2 Nbd7 6. Be2 e6 7. c3 Bd6 8. O-O
O-O 9. Re1 Re8 10. Qc2 Rc8 11. h3 Bh5 12. Bd3 e5 13. dxe5 Nxe5 14. Nxe5 Bxe5
15. Nf1 Qc7 16. Bd2 Bg6 17. Bxg6 {=} 17... fxg6 18. f3 Re7 19. Qb3 Kh8 20. Qd1
Rce8 21. f4 Bd6 22. Ng3 Bc5 23. Qf3 Qb6 24. Nf1 Qxb2 25. Reb1 Qc2 26. Re1 Ne4
27. Qd1 Qxd1 28. Raxd1 Nxd2 29. Rxd2 Bxe3+ 30. Nxe3 Rxe3 31. Rxe3 Rxe3 32. c4
Kg8 33. cxd5 cxd5 34. Rxd5 Kf7 35. Kf2 Re7 36. Kf3 Rc7 37. g3 Rc3+ 38. Kg4 Rc7
39. Kh4 b6 40. a4 Ke6 41. Re5+ Kd6 42. a5 Re7 43. axb6 axb6 44. Rb5 Kc6 45. Rb3
Rb7 46. Kg5 b5 47. f5 gxf5 48. Kxf5 Kd5 49. Kf4 Kc4 50. Rb1 b4 51. Ke3 Kc3 52.
Rc1+ Kb2 53. Rc5 Rd7 54. g4 b3 55. h4 Kb1 56. h5 b2 57. Rc4 Ka2 58. Rc2 Ka1 59.
Rc4 b1=Q 60. Ra4+ Qa2 61. Rxa2+ Kxa2 62. Ke4 Rf7 63. Ke5 Kb3 64. g5 Kc4 65. Ke6
Rf1 66. g6 hxg6 67. hxg6 Rf6+ 68. Ke7 Rxg6 69. Kf7 Rg1 0-1

[Event "Kieler Open 2019-A"]
[Site "Kiel"]
[Date "2019.07.28"]
[Round "3.40"]
[White "Koch, Ralf-Johannes"]
[Black "Olde, Henning"]
[Result "1-0"]
[WhiteElo "1724"]
[BlackElo "1788"]
[Annotator "PH"]
[PlyCount "61"]
[EventDate "2019.??.??"]

1. e4 c5 2. b3 Nc6 3. Nc3 d6 4. f4 e5 5. Nge2 Bg4 6. d3 Qh4+ 7. g3 Qh5 8. h3
Nd4 9. Bg2 Bf3 10. Bxf3 Qxf3 11. Rh2 Nf6 12. Kd2 exf4 13. gxf4 Nh5 14. Nd5 Ng3
15. Nxd4 Nf1+ 16. Ke1 Qxd1+ 17. Kxd1 Nxh2 18. Nc7+ Kd7 19. Nxa8 Be7 20. Nf5 Bf6
21. Rb1 Rxa8 22. Ke2 g6 23. Ne3 g5 24. Nd5 Bd4 25. fxg5 Rg8 26. Bf4 h6 27. Bxh2
Rxg5 28. Kf3 Rh5 29. Nf4 Rg5 30. Ne2 Bf6 31. Rg1 1-0

[Event "Kieler Open 2019-A"]
[Site "Kiel"]
[Date "2019.07.28"]
[Round "3.41"]
[White "Bücker, Timo"]
[Black "Salwasser, Christian"]
[Result "1/2-1/2"]
[WhiteElo "1778"]
[BlackElo "1697"]
[Annotator "PH"]
[PlyCount "48"]
[EventDate "2019.??.??"]

1. Nc3 e5 2. Nf3 Nc6 3. d4 exd4 4. Nxd4 Bc5 5. Be3 Bxd4 6. Bxd4 Nxd4 7. Qxd4
Qf6 8. O-O-O c6 9. Ne4 Qxd4 10. Rxd4 d5 11. Nd6+ Ke7 12. Nxc8+ Rxc8 13. e4 Nf6
14. exd5 Nxd5 15. Bc4 Nb6 16. Re1+ Kf8 17. Bb3 c5 18. Rde4 c4 19. Bxc4 Nxc4 20.
Re7 Rb8 21. Rc7 Nd6 22. Rd7 Ne8 23. Ree7 Nd6 24. Re1 Ne8 1/2-1/2